| 000 | 00839nam a22002537a 4500 | ||
|---|---|---|---|
| 999 |
_c889 _d889 |
||
| 001 | 003714 | ||
| 003 | CoMeUDC003714 | ||
| 005 | 20190119150030.0 | ||
| 008 | 130821s1991 ck gr spa | ||
| 040 |
_aCo-BoUCM _bspa _cCoMeUDC |
||
| 041 | _aspa | ||
| 082 | 0 | 4 |
_a346.01 _220 _bM798 |
| 100 | 1 | _aMontoya Medina, Luis Eduardo | |
| 245 | 1 | 3 |
_aEl derecho de no casarse La unión marital y sus efectos / _cLuis Eduardo Montoya Medina. |
| 260 |
_aBogotá (Cundinamarca, Colombia) : _bUniversidad Nacional de Colombia, _c1991. |
||
| 300 | _a164 páginas ; | ||
| 504 | _aIncluye índice. | ||
| 630 | 7 |
_aLey 54 de 1990 _95065 |
|
| 650 | 0 | 4 |
_aDerecho de familia _9153 |
| 650 | 0 | 4 |
_aDerecho de familia _zColombia _9153 |
| 650 | 0 | 4 |
_aUnión libre _925970 |
| 651 |
_aColombia _926606 |
||
| 942 |
_cBK _a8 _e1 _mM65D _2ddc _h346.016 |
||